Pharmacology /

Salvato in:
Dettagli Bibliografici
Autori principali: Rang, H.P (Autore), Dale, M.M (Autore), Ritter, J.M (Autore)
Natura: Libro
Lingua:inglese
Pubblicazione: Edinburgh : Churchill Livingstone, 1995
Edizione:3.Edition
Serie:International Student Edition
Tags: Aggiungi Tag
Nessun Tag, puoi essere il primo ad aggiungerne!!

MARC

LEADER 00000nam a22000003a 4500
001 stu23591
005 20150617225748.6
008 951116s1995----uk------------------eng-d
020 |a 0-443-05086-4 
040 |a STU  |b slo 
041 0 |a eng 
044 |a uk 
080 |a 615 
100 1 |a Rang, H.P  |4 aut 
245 1 |a Pharmacology /  |c [aut.]Rang,H.P., Dale,M.M., Ritter,J.M 
250 |a 3.Edition 
260 |a Edinburgh :  |b Churchill Livingstone,  |c 1995 
300 |a 855 s :  |b Obr.,tab.,lit.,index 
700 1 |a Dale, M.M  |4 aut 
700 1 |a Ritter, J.M  |4 aut 
830 0 |a International Student Edition 
996 |b C93874  |c C*93874  |l CCVII  |s P  |a 0  |w stu23591_0001 
996 |b C95746  |c C*95746  |l CCIV  |s P  |a 0  |w stu23591_0002